000 00942nam a22002057a 4500
999 _c60355
_d60355
003 Ge_BSU
005 20230703152148.0
008 230703s2004ge xxu||||| |||| 00| 0 geo d
020 _a9994016164
041 _ageo
080 _a94(393)+94(479.22) ბ-30
100 _aბატიაშვილი, ზურაბ (ავტორი).
_919145
245 _aკაპადოკია /
_cზურაბ ბატიაშვილი, რედ. ანა ჭაბაშვილი
250 _aპირველი გამოცემა
264 _a თბილისი :
_bდიოგენე,
_c2004.
300 _a79 გვ.:
_b20 სმ.
653 _a სამხრეთ კავკასიისა და ანატოლიის კვლევის ცენტრი. ისტორია.
700 _aჭაბაშვილი, ანა
_eრედაქტორი
_9995
942 _2udc
_cBK